ბათუმის შოთა რუსთაველის სახელმწიფო უნივერსიტეტის ბიბლიოთეკა

Monuments. Memorials. Small arcitectur = მონუმენტები. მემორიალები. მცირე არქიტექტურა = Монументы. Мемориалы. Малая архитектура / (ბიბ.ჩანაწერი № 46904)

000 -LEADER
fixed length control field 01244nam a2200253Ia 4500
001 - CONTROL NUMBER
control field 13757
003 - CONTROL NUMBER IDENTIFIER
control field GE_BSU
005 - DATE AND TIME OF LATEST TRANSACTION
control field 20241015111424.0
008 - FIXED-LENGTH DATA ELEMENTS--GENERAL INFORMATION
fixed length control field 181216s2004||||enk|||||||||||||| ||eng||
020 ## - INTERNATIONAL STANDARD BOOK NUMBER
International Standard Book Number 9994029347
040 ## - CATALOGING SOURCE
Transcribing agency GE_BSU
041 ## - LANGUAGE CODE
Language code of text/sound track or separate title eng
080 ## - UNIVERSAL DECIMAL CLASSIFICATION NUMBER
Universal Decimal Classification number 72(092) D-26
100 ## - MAIN ENTRY--PERSONAL NAME
Personal name Davitaia, Vakhtang
9 (RLIN) 23396
245 ## - TITLE STATEMENT
Title Monuments. Memorials. Small arcitectur = მონუმენტები. მემორიალები. მცირე არქიტექტურა = Монументы. Мемориалы. Малая архитектура /
Remainder of title Vakhtang Davitaia.
264 ## - PRODUCTION, PUBLICATION, DISTRIBUTION, MANUFACTURE, AND COPYRIGHT NOTICE
Place of production, publication, distribution, manufacture თბილისი :
Name of producer, publisher, distributor, manufacturer საარი,
Date of production, publication, distribution, manufacture, or copyright notice 2004.
300 ## - PHYSICAL DESCRIPTION
Extent 130 p. :
Other physical details ill. ;
Dimensions 24 cm.
520 ## - SUMMARY, ETC.
Summary, etc. Parall. text Engl., Russ.
653 ## - INDEX TERM--UNCONTROLLED
keyword Monuments.Memorials.Small arcitecture=მონუმენტები. მემორიალები. მცირე არქიტექტურა=
653 ## - INDEX TERM--UNCONTROLLED
keyword Монументы. Мемориалы. Малая архитектура
653 ## - INDEX TERM--UNCONTROLLED
keyword ქართული ძეგლებისა და მონუმენტების არქიტექტურა
653 ## - INDEX TERM--UNCONTROLLED
keyword მემორიალური დაფები
942 ## - ADDED ENTRY ELEMENTS (KOHA)
Koha item type წიგნი
Source of classification or shelving scheme
ეგზემპლარები
Withdrawn status Lost status Source of classification or shelving scheme Damaged status Not for loan Permanent Location Current Location Shelving location Date acquired Full call number Barcode Date last seen Copy number Price effective from Koha item type
          ბათუმის შოთა რუსთაველის სახელმწიფო უნივერსიტეტის მთავარი ბიბლიოთეკა ბათუმის შოთა რუსთაველის სახელმწიფო უნივერსიტეტის მთავარი ბიბლიოთეკა წიგნსაცავი 2018-12-17 72(092) D-26 27283 2018-12-17 27283 2018-12-17 წიგნი